000 00290nam a22001337a 4500
999 _c529810
_d529810
003 NUST
038 _aMSOHAIL
082 _a0
100 _aLeanne Depue
_922667
245 _aSafety management systems
260 _aWashington
_bTRB
_cc2003
300 _a42,p;
_c28cm
_eP/B
942 _2ddc
_cBK